000 00616nam a2200193 4500
003 OSt
005 20260601193850.0
008 260507b1993 |||abd|| |||| 001 0 spa d
040 _aICI
_bspa
_cICI
050 _aHD9199
_bC34
245 1 _aEl café en la frontera sur:
_bla producción y los productos del Soconusco, Chiapas
_ccoord. Daniel Villafuerte Solís.
264 _bGobierno del Edo. De Chiapas
_c1993
_aMéxico
300 _a136 páginas
336 _atexto
_2rdacontent
337 _asin medio
_2rdamedia
338 _avolumen
_2rdacarrier
650 _aCafé
_xComercio
_zChiapas
_932105
942 _2lcc
_cB
_n1
999 _c21805
_d21805